Classiques Disney - Antonymes - Statistiques

Statistiques générales
  • Ce quiz a été pris 39 717 fois
    39 716 depuis la dernière actualisation
  • Le résultat moyen est 7 sur 16
Statistiques - réponses
Antonyme Film % Correct
La gueuse et le crapaud La princesse et la grenouille
95%
La grande méduse La petite sirène
90%
La moche et le riche La belle et le Clochard
68%
La cambrée de Votre-Homme Le bossu de Notre-Dame
52%
Bimbo, la souris nageuse Dumbo, l'éléphant volant
51%
Les prolétairats Les aristochats
49%
Quaistion Raiponce
47%
Alain dans la région des horreurs Alice au pays des merveilles
33%
La vie bien peinarde de Jacqueline et Noiraude Les aventures de Bernard et Bianca
31%
Le film de la ville Le livre de la jungle
30%
Pacha, le paysan modeste Kuzco, l'empereur mégalo
28%
L'usine se soumet La ferme se rebelle
26%
Mal reçu chez les Vendredi Bienvenue chez les Robinson
22%
Le président Mars Le roi Lion
14%
Jack Boum Peter Pan
14%
La dame de compagnie de la pluie La Reine des neiges
11%
Aucun quiz correspondant
Distribution des résultats
% des personnes avec chaque résultat
Percentile par nombre de réponses
Votre historique - résultats
Vous n’avez pas pris ce quiz depuis la dernière actualisation